书目信息 |
| 题名: |
生命的未来
|
|
| 作者: | 威尔逊 著 ;陈家宽 , 李博 , 杨凤辉 译校 | |
| 分册: | ||
| 出版信息: | 上海 上海人民出版社 2005 |
|
| 页数: | 241页 | |
| 开本: | 23cm | |
| 丛书名: | 世纪人文系列丛书 | |
| 单 册: | ||
| 中图分类: | Q16 | |
| 科图分类: | ||
| 主题词: | 生物多样性 | |
| 电子资源: | ||
| ISBN: | 7-208-05445-2 | |
| 000 | 01071oam2 2200301 450 | |
| 001 | 003191316 | |
| 005 | 20061101152259.21 | |
| 010 | @a7-208-05445-2@dCNY25.00 | |
| 100 | @a20060104d2005 em y0chiy0110 ea | |
| 101 | 1 | @achi@ceng |
| 102 | @aCN@b310000 | |
| 105 | @ay z 000yy | |
| 200 | 1 | @a生命的未来@9sheng ming de wei lai@f(美)爱德华·威尔逊(Edward O. Wilson)著@g陈家宽,李博,杨凤辉等译校 |
| 210 | @a上海@c上海人民出版社@d2005 | |
| 215 | @a241页@d23cm | |
| 225 | 2 | @a世纪人文系列丛书@i开放人文 |
| 312 | @a封面英文题名:The future of life | |
| 330 | @a本书是生物多样性之父威尔逊的又一深情关怀之作。在书中,作者准确而又充满激情地讲述了世界上许多珍稀物种消失的故事。 | |
| 462 | 0 | @12001 @a开放人文 |
| 510 | 1 | @aFuture of life@zeng |
| 606 | 0 | @a生物多样性 |
| 690 | @aQ16@v4 | |
| 701 | 0 | @c(美)@a威尔逊@9wei er xun@c(Wilson, Edward O.@f1929~)@4著 |
| 702 | 0 | @a陈家宽@9chen jia kuan@f(1947.3~)@4译校 |
| 702 | 0 | @a李博@9li bo@f(1963~)@4译校 |
| 702 | 0 | @a杨凤辉@9yang feng hui@f(1977~)@4译校 |
| 801 | 0 | @aCN@bNLC@c20061101 |
| 905 | @a10447@dQ16@e103 | |
| 生命的未来/(美)爱德华·威尔逊(Edward O. Wilson)著/陈家宽,李博,杨凤辉等译校.-上海:上海人民出版社,2005 |
| 241页;23cm.-(世纪人文系列丛书.开放人文) |
| ISBN 7-208-05445-2:CNY25.00 |
| 本书是生物多样性之父威尔逊的又一深情关怀之作。在书中,作者准确而又充满激情地讲述了世界上许多珍稀物种消失的故事。 |
| ● |
| 相关链接 |
|
|
|
|
正题名:生命的未来
索取号:Q16/103
 
预约/预借
| 序号 | 登录号 | 条形码 | 馆藏地/架位号 | 状态 | 备注 |
| 1 | 0387418 | 203874183 | 第二样本阅览室/ [索取号:Q16/103] | 在馆 | |
| 2 | 0387419 | 203874192 | 第三借阅区/ [索取号:Q16/103] | 在馆 | |
| 3 | 0387420 | 203874209 | 第三借阅区/ [索取号:Q16/103] | 在馆 | |
| 4 | 0387421 | 203874218 | 第三借阅区/ [索取号:Q16/103] | 在馆 | |
| 5 | 0387422 | 203874227 | 第三借阅区/ [索取号:Q16/103] | 在馆 |